[Event "24th Chicago Open"]
[Site "Wheeling, IL"]
[Date "2015.05.23"]
[Round "5"]
[White "Liang, Awonder"]
[Black "Vazquez, Guillermo"]
[Result "0-1"]
[WhiteElo "2335"]
[BlackElo "2438"]
[PlyCount "100"]
[EventDate "2015.05.??"]
[EventType "swiss"]
[EventRounds "9"]
[EventCountry "USA"]
[Source "MonRoi"]

1. e4 c5 2. Nf3 e6 3. d4 cxd4 4. Nxd4 Nc6 5. Nc3 Qc7 6. Be3 a6 7. Qf3 Bd6 8.
O-O-O Be5 9. Nxc6 bxc6 10. Bd4 Bxd4 11. Rxd4 Nf6 12. g4 d5 13. Rd2 Qe5 14. Qe3
Nxg4 15. Qc5 Rb8 16. Qxc6+ Bd7 17. Qc5 dxe4 18. Qxe5 Nxe5 19. Nxe4 Bc6 20. Bg2
Ke7 21. b3 g5 22. Re1 f6 23. Rde2 Rhc8 24. Kb1 Rb6 25. h3 Ba8 26. Bh1 Ng6 27.
Ng3 Nf4 28. Re3 Kf7 29. Ne2 Nxe2 30. R3xe2 Bxh1 31. Rxh1 Rc3 32. h4 g4 33. Rd1
h5 34. Kb2 Rbc6 35. b4 Rh3 36. a4 Rc4 37. Rd7+ Kg6 38. Rb7 Rf3 39. a5 e5 40.
Rb6 Kf5 41. Rd2 Rcf4 42. Rdd6 Kg6 43. Rb8 Rxf2 44. Rxa6 Rc4 45. Rd6 Rfxc2+ 46.
Kb3 R4c3+ 47. Ka4 g3 48. a6 g2 49. a7 Ra2+ 50. Kb5 Rxa7 0-1

[Event "24th Chicago Open"]
[Site "Wheeling, IL"]
[Date "2015.05.23"]
[Round "5"]
[White "Shen, Arthur"]
[Black "Aponte, Felix"]
[Result "1/2-1/2"]
[WhiteElo "2346"]
[BlackElo "2412"]
[PlyCount "54"]
[EventDate "2015.05.??"]
[EventType "swiss"]
[EventRounds "9"]
[EventCountry "USA"]
[Source "MonRoi"]

1. e4 c5 2. Nf3 Nc6 3. Bb5 e6 4. O-O Nge7 5. d4 cxd4 6. Nxd4 a6 7. Be2 Nxd4 8.
Qxd4 Nc6 9. Qc3 b5 10. f4 Bb7 11. f5 Rc8 12. fxe6 dxe6 13. Bh5 Rc7 14. Bf4 Rd7
15. Nd2 b4 16. Qg3 g6 17. Bg4 Bg7 18. Nc4 O-O 19. Rad1 f5 20. exf5 exf5 21. Be2
Kh8 22. Ne5 Nxe5 23. Bxe5 Qb6+ 24. Kh1 Rxd1 25. Rxd1 Qe6 26. Bxg7+ Kxg7 27. Bf3
Bxf3 1/2-1/2

[Event "24th Chicago Open"]
[Site "Wheeling, IL"]
[Date "2015.05.23"]
[Round "5"]
[White "Kiewra, Keaton"]
[Black "Aripov, Iskandar"]
[Result "1-0"]
[WhiteElo "2394"]
[BlackElo "2219"]
[PlyCount "99"]
[EventDate "2015.05.??"]
[EventType "swiss"]
[EventRounds "9"]
[EventCountry "USA"]
[Source "MonRoi"]

1. e4 e6 2. d4 d5 3. Nd2 dxe4 4. Nxe4 Bd7 5. Nf3 Bc6 6. Bd3 Nd7 7. O-O Ngf6 8.
Ned2 g6 9. c3 Bg7 10. Re1 O-O 11. Nc4 b6 12. Bg5 Qc8 13. Nce5 Bd5 14. Qe2 c5
15. Ba6 Qc7 16. h3 Nxe5 17. Nxe5 Nd7 18. c4 Bb7 19. Bxb7 Qxb7 20. Nxd7 Qxd7 21.
dxc5 bxc5 22. Rad1 Qb7 23. Rd2 h6 24. Be3 Rfc8 25. Red1 a5 26. Qg4 h5 27. Qg5
Qe4 28. Rd7 Qf5 29. Qxf5 gxf5 30. Rb7 Rd8 31. Rxd8+ Rxd8 32. Kf1 Rd1+ 33. Ke2
Rb1 34. Rb8+ Kh7 35. Bxc5 Ra1 36. Ba3 Rc1 37. c5 Rc2+ 38. Kd3 Rxf2 39. c6 Be5
40. Rb7 Rxg2 41. Rxf7+ Kg6 42. Rd7 Rg3+ 43. Kc4 Rg1 44. Bd6 Rc1+ 45. Kb5 Kf6
46. Bxe5+ Kxe5 47. c7 f4 48. Kxa5 Kf6 49. Kb6 f3 50. Rd3 1-0

[Event "24th Chicago Open"]
[Site "Wheeling, IL"]
[Date "2015.05.23"]
[Round "5"]
[White "Mitkov, Nikola"]
[Black "Wasiluk, Kevin"]
[Result "1-0"]
[WhiteElo "2479"]
[BlackElo "2292"]
[PlyCount "98"]
[EventDate "2015.05.??"]
[EventType "swiss"]
[EventRounds "9"]
[EventCountry "USA"]
[Source "MonRoi"]

1. e4 e5 2. Bc4 Nf6 3. d3 c6 4. Bb3 d5 5. Nf3 Bd6 6. exd5 cxd5 7. Bg5 Be6 8.
O-O Bc7 9. Nc3 a6 10. Re1 Nc6 11. Bh4 O-O 12. h3 Re8 13. d4 e4 14. Nh2 Ne7 15.
Bg3 Bxg3 16. fxg3 Qd6 17. Nf1 h5 18. Ne2 Nf5 19. c3 Re7 20. Qc1 Bd7 21. Qg5
Rae8 22. Ne3 Nxe3 23. Qxe3 Bb5 24. Nf4 a5 25. Bd1 g6 26. Rc1 Kg7 27. Rc2 Bd3
28. Rf2 Ng8 29. Qc1 Nh6 30. Bb3 Bc4 31. Bxc4 dxc4 32. Re3 Kg8 33. Qe1 Kh7 34.
Kh2 h4 35. gxh4 Nf5 36. Kg1 Nxh4 37. Rf1 Nf5 38. Re2 e3 39. g4 Re4 40. gxf5
Rxf4 41. Rxf4 Qxf4 42. fxg6+ fxg6 43. Qf1 g5 44. Rg2 Rf8 45. Qxc4 Qf3 46. Qe2
Kh6 47. d5 Qe4 48. d6 Rf6 49. d7 Rd6 1-0

[Event "24th Chicago Open"]
[Site "Wheeling, IL"]
[Date "2015.05.23"]
[Round "5"]
[White "Castillo, Joshua"]
[Black "Corallo, Michael"]
[Result "1-0"]
[WhiteElo "2433"]
[BlackElo "2285"]
[PlyCount "39"]
[EventDate "2015.05.??"]
[EventType "swiss"]
[EventRounds "9"]
[EventCountry "USA"]
[Source "MonRoi"]

1. e4 e5 2. Nf3 Nc6 3. d4 exd4 4. Nxd4 Bc5 5. Nb3 Bb6 6. Nc3 Nge7 7. Qe2 O-O 8.
Be3 f5 9. f4 fxe4 10. O-O-O Nf5 11. Bxb6 axb6 12. g3 Nce7 13. Qxe4 c6 14. Bg2
d5 15. Qe2 b5 16. a3 Qb6 17. Rhe1 d4 18. Nxd4 b4 19. Qc4+ Kh8 20. Qxb4 1-0

[Event "24th Chicago Open"]
[Site "Wheeling, IL"]
[Date "2015.05.23"]
[Round "5"]
[White "Esserman, Marc"]
[Black "Panchanatham, Vignesh"]
[Result "1-0"]
[WhiteElo "2417"]
[BlackElo "2229"]
[PlyCount "103"]
[EventDate "2015.05.??"]
[EventType "swiss"]
[EventRounds "9"]
[EventCountry "USA"]
[Source "MonRoi"]

1. d4 Nf6 2. c4 g6 3. Nc3 Bg7 4. e4 d6 5. Nf3 O-O 6. Be2 Na6 7. O-O e5 8. Be3
Ng4 9. Bg5 Qe8 10. h3 h6 11. Bc1 exd4 12. Nxd4 Nf6 13. Bf3 c6 14. Bf4 Qe7 15.
Qd2 Kh7 16. Nc2 Rd8 17. Rad1 Ne8 18. Rfe1 Be6 19. b3 Qf6 20. Nd4 c5 21. Nde2 g5
22. Be3 Nb4 23. Nd5 Nxd5 24. cxd5 Bxh3 25. Ng3 Bc8 26. e5 dxe5 27. Bxc5 Nd6 28.
Qb4 a5 29. Qa3 g4 30. Be2 Kg8 31. Nh5 Qg6 32. Nxg7 Kxg7 33. Bd3 e4 34. Bb1 Bf5
35. Qb2+ Kg8 36. Qe5 h5 37. Bxd6 Rxd6 38. Bxe4 Bxe4 39. Rxe4 Rad8 40. Rf4 f6
41. Qc3 Qg5 42. g3 b6 43. Re1 R8d7 44. Qc8+ Kg7 45. Rfe4 Qxd5 46. Re7+ Kg6 47.
Qh8 Kg5 48. Qg7+ Kf5 49. Qh6 Qg8 50. Qxh5+ Qg5 51. Qh7+ Qg6 52. Rxd7 1-0

[Event "24th Chicago Open"]
[Site "Wheeling, IL"]
[Date "2015.05.23"]
[Round "5"]
[White "Patel, Advait"]
[Black "Homa, Seth"]
[Result "1/2-1/2"]
[WhiteElo "2204"]
[BlackElo "2366"]
[PlyCount "90"]
[EventDate "2015.05.??"]
[EventType "swiss"]
[EventRounds "9"]
[EventCountry "USA"]
[Source "MonRoi"]

1. e4 Nf6 2. e5 Nd5 3. d4 d6 4. Nf3 g6 5. Bc4 Nb6 6. Bb3 Bg7 7. O-O O-O 8. h3
Nc6 9. Qe2 dxe5 10. dxe5 Nd4 11. Nxd4 Qxd4 12. e6 Bxe6 13. Bxe6 fxe6 14. Qxe6+
Kh8 15. Nd2 Rae8 16. c3 Qd3 17. Re1 Qf5 18. Nf3 Nd5 19. Bd2 c6 20. Re2 Nc7 21.
Qxf5 Rxf5 22. Rae1 Bf6 23. Be3 Kg8 24. Bxa7 c5 25. Ne5 Ra8 26. Bxc5 Rxa2 27.
Nd3 Nd5 28. Nb4 Nxc3 29. Rc2 Ra4 30. Bxe7 Bxe7 31. Rxe7 Rxb4 32. bxc3 Rb1+ 33.
Kh2 b5 34. Ra2 Rf7 35. Rxf7 Kxf7 36. Ra7+ Kg8 37. Rb7 Rb3 38. h4 h5 39. Rc7 b4
40. cxb4 Rxb4 41. Kh3 Ra4 42. Kg3 Rg4+ 43. Kh3 Ra4 44. f3 Ra3 45. Kg3 Ra2
1/2-1/2

[Event "24th Chicago Open"]
[Site "Wheeling, IL"]
[Date "2015.05.23"]
[Round "5"]
[White "Shetty, Atulya"]
[Black "Li, Ben"]
[Result "1-0"]
[WhiteElo "2331"]
[BlackElo "2142"]
[PlyCount "85"]
[EventDate "2015.05.??"]
[EventType "swiss"]
[EventRounds "9"]
[EventCountry "USA"]
[Source "MonRoi"]

1. c4 e5 2. g3 Nc6 3. Nc3 Bc5 4. Bg2 d6 5. e3 a6 6. Nge2 Ba7 7. b3 h5 8. h4 Bg4
9. Bb2 Qd7 10. d3 O-O-O 11. Qd2 Nf6 12. b4 Nxb4 13. Rb1 Nc6 14. Ba1 Rde8 15.
Qb2 b6 16. Qa3 a5 17. Nd5 Ne7 18. Nec3 Bf5 19. Nb5 Bb8 20. Nbxc7 Bxc7 21. Nxb6+
Bxb6 22. Rxb6 Qc7 23. Qxa5 Kd8 24. Qa8+ Kd7 25. Qa4+ Ke6 26. Rb7 Qc8 27. Qb3
Nd7 28. d4 exd4 29. exd4 Kf6 30. O-O Kg6 31. Qb4 d5 32. cxd5 Ng8 33. Qd2 Kh7
34. d6 Ngf6 35. Rc1 Re2 36. Qf4 Qxc1+ 37. Qxc1 Rhe8 38. Bc3 Ng4 39. Rb2 Nxf2
40. Rxe2 Rxe2 41. Qf4 Nh3+ 42. Bxh3 Bxh3 43. Qxf7 1-0

[Event "24th Chicago Open"]
[Site "Wheeling, IL"]
[Date "2015.05.23"]
[Round "5"]
[White "Colas, Joshua"]
[Black "Gorti, Akshita"]
[Result "0-1"]
[WhiteElo "2292"]
[BlackElo "2080"]
[PlyCount "153"]
[EventDate "2015.05.??"]
[EventType "swiss"]
[EventRounds "9"]
[EventCountry "USA"]
[Source "MonRoi"]

1. d4 e6 2. Nf3 Nf6 3. g3 b6 4. Bg2 Bb7 5. O-O Be7 6. c4 O-O 7. Nc3 Ne4 8. Qc2
Nxc3 9. Qxc3 f5 10. Rd1 Bf6 11. Qe1 a5 12. Bd2 d6 13. Bc3 Qe7 14. Qf1 Nd7 15.
Rac1 Rae8 16. a3 a4 17. e3 e5 18. dxe5 dxe5 19. Qe2 g6 20. Qc2 Bxf3 21. Bxf3 e4
22. Be2 Bxc3 23. Qxc3 Nc5 24. Rd5 c6 25. Rdd1 Rd8 26. Qb4 Qc7 27. h4 h6 28. Qc3
Qg7 29. Qb4 Qc7 30. Kg2 Kh7 31. Rb1 Ra8 32. Qc3 Qe7 33. Qb4 Qc7 34. Rd2 Rfd8
35. Rbd1 Rxd2 36. Qxd2 Re8 37. Qd6 Qxd6 38. Rxd6 Re6 39. Rd8 Re7 40. Bd1 Re6
41. Kf1 Nd3 42. Bxa4 Nxb2 43. Bb3 c5 44. Ke2 Nd3 45. Ba4 Ne5 46. Bb5 Kg7 47. a4
Kf7 48. Rd5 Kf6 49. Rd8 Nf7 50. Rc8 Rd6 51. Bc6 Nd8 52. Bd5 Ne6 53. g4 fxg4 54.
Bxe4 h5 55. Bd5 g5 56. hxg5+ Nxg5 57. Rh8 Kg6 58. e4 Nf3 59. Ke3 Ne5 60. Rg8+
Kf6 61. Kf4 Ng6+ 62. Kg3 Rd7 63. Rb8 Rd6 64. Rb7 Kg5 65. Rf7 h4+ 66. Kh2 Rf6
67. Rg7 Kh6 68. Rg8 Rxf2+ 69. Kg1 g3 70. Be6 Nf4 71. Bf5 Ne2+ 72. Kh1 g2+ 73.
Rxg2 Ng3+ 74. Kh2 Rxg2+ 75. Kxg2 Nxf5 76. exf5 Kg5 77. Kh3 0-1

[Event "24th Chicago Open"]
[Site "Wheeling, IL"]
[Date "2015.05.24"]
[Round "6.1"]
[White "Batista, Lazaro"]
[Black "Gurevich, Dmitry"]
[Result "1-0"]
[WhiteElo "2684"]
[BlackElo "2473"]
[PlyCount "107"]
[EventDate "2015.05.??"]
[EventType "swiss"]
[EventRounds "9"]
[EventCountry "USA"]
[Source "MonRoi"]
[WhiteClock "0:08:49"]
[BlackClock "0:11:33"]

1. d4 Nf6 2. c4 e6 3. Nf3 d5 4. Nc3 Be7 5. g3 O-O 6. Bg2 c6 7. O-O Nbd7 8. b3
b6 9. Bb2 Ba6 10. Nd2 b5 11. cxb5 cxb5 12. a3 Rc8 13. Re1 Nb6 14. e3 Qd7 15.
Bf1 Ne8 16. a4 Nd6 17. Ndb1 Rb8 18. Ba3 Nbc8 19. Bc5 Qb7 20. Qe2 b4 21. Qxa6
bxc3 22. b4 Ne4 23. Rc1 Bxc5 24. Qxb7 Rxb7 25. bxc5 Rb2 26. Nxc3 Nxf2 27. Rab1
Rd2 28. c6 f5 29. Nd1 Ng4 30. h3 Nf6 31. Rb2 Rxb2 32. Nxb2 Ne4 33. Kg2 Rf6 34.
Ba6 Ne7 35. c7 Rg6 36. c8=Q+ Nxc8 37. Rxc8+ Kf7 38. g4 fxg4 39. h4 Rf6 40. Nd3
Kg6 41. Rc7 Kh6 42. Ne5 Rf2+ 43. Kg1 Ra2 44. Nxg4+ Kh5 45. Rxg7 Kxh4 46. Ne5
Ng5 47. Bb5 a6 48. Bxa6 Rxa4 49. Be2 Ra3 50. Kf2 Ne4+ 51. Kg2 Nf6 52. Nf3+ Kh5
53. Rg5+ Kh6 54. Re5 1-0

[Event "24th Chicago Open"]
[Site "Wheeling, IL"]
[Date "2015.05.24"]
[Round "6.3"]
[White "Perelshteyn, Eugene"]
[Black "Sevian, Samuel"]
[Result "0-1"]
[WhiteElo "2517"]
[BlackElo "2565"]
[PlyCount "64"]
[EventDate "2015.05.??"]
[EventType "swiss"]
[EventRounds "9"]
[EventCountry "USA"]
[Source "MonRoi"]
[WhiteClock "0:00:20"]
[BlackClock "0:09:55"]

1. Nf3 d5 2. d4 Nf6 3. c4 e6 4. Nc3 c6 5. g3 dxc4 6. Bg2 b5 7. Ne5 a6 8. O-O
Bb7 9. b3 b4 10. Na4 c3 11. a3 a5 12. axb4 axb4 13. Nc4 Be7 14. Bf4 Nd5 15.
Bxb8 Rxb8 16. Nc5 O-O 17. Qc2 Bc8 18. Ra7 Rb5 19. e4 Nb6 20. Nxb6 Qxb6 21. Rxe7
Qd8 22. Rxf7 Rxf7 23. Rd1 Ra5 24. e5 Rfa7 25. Na4 Rd7 26. Be4 h6 27. Bh7+ Kh8
28. Re1 Rxd4 29. Bg6 Rd2 30. Qe4 Rd1 31. Rxd1 Qxd1+ 32. Kg2 Qd5 0-1

[Event "24th Chicago Open"]
[Site "Wheeling, IL"]
[Date "2015.05.24"]
[Round "6.4"]
[White "Harmon-Vellotti, Luke"]
[Black "Georgiev, Vladimir"]
[Result "0-1"]
[WhiteElo "2412"]
[BlackElo "2550"]
[PlyCount "102"]
[EventDate "2015.05.??"]
[EventType "swiss"]
[EventRounds "9"]
[EventCountry "USA"]
[Source "MonRoi"]
[WhiteClock "0:17:01"]
[BlackClock "0:33:00"]

1. d4 Nf6 2. c4 c6 3. Nc3 d5 4. Nf3 a6 5. e3 Bf5 6. Bd3 Bxd3 7. Qxd3 e6 8. O-O
Bb4 9. Bd2 O-O 10. Nxd5 Nxd5 11. cxd5 Bxd2 12. Nxd2 exd5 13. b4 Qd6 14. Rab1
Nd7 15. a4 Nb6 16. Qc2 Rfe8 17. Qc5 Qd8 18. Ra1 Nc8 19. b5 cxb5 20. axb5 b6 21.
Qa3 a5 22. Rfc1 Na7 23. Qb3 Qd7 24. Rab1 Rec8 25. Rxc8+ Rxc8 26. h3 h6 27. Nf3
Qf5 28. Ne5 Qc2 29. Qxc2 Rxc2 30. Kf1 f6 31. Ng6 Nc8 32. Ke1 Kf7 33. Nf4 Ne7
34. Nd3 g5 35. Rc1 Ra2 36. Kd1 Ra3 37. Kc2 Nf5 38. Rb1 Nd6 39. Nc1 Ke6 40. Rb2
Ra1 41. g4 Ne4 42. f3 Nd6 43. Rb3 Nc4 44. Rc3 Ra3 45. Rb3 Nxe3+ 46. Kc3 Nc4 47.
Kc2 Rxb3 48. Kxb3 Nd2+ 49. Kc3 Nxf3 50. Ne2 f5 51. Kd3 a4 0-1

[Event "24th Chicago Open"]
[Site "Wheeling, IL"]
[Date "2015.05.24"]
[Round "6"]
[White "Nyzhnyk, Illia"]
[Black "Dobrov, Vladimir"]
[Result "1/2-1/2"]
[WhiteElo "2622"]
[BlackElo "2490"]
[PlyCount "124"]
[EventDate "2015.05.??"]
[EventType "swiss"]
[EventRounds "9"]
[EventCountry "USA"]
[Source "MonRoi"]

1. d4 f5 2. e4 fxe4 3. Nc3 Nf6 4. Bg5 Nc6 5. d5 Ne5 6. Qe2 Nf7 7. Bxf6 exf6 8.
Nxe4 Qe7 9. d6 Qe6 10. dxc7 Bb4+ 11. c3 Ba5 12. Nc5 Qxe2+ 13. Bxe2 Bxc7 14. Nb3
O-O 15. O-O-O Bb6 16. Nd4 d5 17. Bf3 Rd8 18. Nge2 Ne5 19. Nf4 Nxf3 20. gxf3 Kf7
21. h4 Bc7 22. Nde2 Be5 23. Rd2 d4 24. cxd4 Bc7 25. Ng2 Ba5 26. Nc3 b5 27. a3
Bb7 28. Rd3 Rac8 29. Rhd1 b4 30. axb4 Bxb4 31. Kb1 a5 32. Nf4 Bd6 33. Nfe2 Ba6
34. Re3 Bb8 35. d5 Bc4 36. Re4 Ba7 37. Ng3 g6 38. Rd2 f5 39. Re1 Bc5 40. Rc1
Be7 41. Nge2 Bxh4 42. Rh1 Bxf2 43. Rxh7+ Kg8 44. Re7 Bc5 45. Re6 Kf7 46. Nf4 g5
47. Nh3 Be7 48. Re5 Bf1 49. d6 Bf6 50. Nxg5+ Bxg5 51. f4 Bf6 52. Rxf5 Bh3 53.
Rxa5 Rc4 54. f5 Rf4 55. Rdd5 Bf1 56. Rd1 Bc4 57. Nd5 Rd4 58. Ra7+ Kf8 59. Rxd4
Bxd4 60. Ra4 Bd3+ 61. Ka2 Be5 62. Nf4 Rxd6 1/2-1/2

[Event "24th Chicago Open"]
[Site "Wheeling, IL"]
[Date "2015.05.24"]
[Round "6"]
[White "Naroditsky, Daniel"]
[Black "Panchevski, Filip"]
[Result "1-0"]
[WhiteElo "2622"]
[BlackElo "2494"]
[PlyCount "101"]
[EventDate "2015.05.??"]
[EventType "swiss"]
[EventRounds "9"]
[EventCountry "USA"]
[Source "MonRoi"]

1. e4 d6 2. d4 Nf6 3. Nc3 e5 4. Nf3 Nbd7 5. g3 c6 6. a4 Be7 7. Bg2 O-O 8. O-O
b6 9. b3 a6 10. Bb2 Re8 11. Re1 Bb7 12. Nb1 Bf8 13. Nbd2 Qc7 14. c3 Rad8 15.
Qc2 Qb8 16. b4 b5 17. axb5 axb5 18. Nb3 g6 19. Na5 Ba8 20. Rad1 Rc8 21. Qb1
exd4 22. cxd4 d5 23. exd5 Nxd5 24. Ne5 Nxe5 25. Rxe5 Bxb4 26. Nxc6 Bxc6 27.
Bxd5 Bxd5 28. Rxd5 Qb7 29. Re5 Rxe5 30. dxe5 Bc3 31. Bxc3 Rxc3 32. Qb4 Rc8 33.
Qa5 h5 34. Qb4 Qf3 35. Rf1 Qd5 36. Qd6 Qc4 37. h4 Rc6 38. Qd8+ Kg7 39. Ra1 Qe4
40. e6 Rc3 41. exf7 Rxg3+ 42. fxg3 Qe3+ 43. Kf1 Qf3+ 44. Ke1 Qe3+ 45. Kd1 Qb3+
46. Kd2 Qb2+ 47. Kd3 Qb3+ 48. Kd4 Qc4+ 49. Ke5 Qc5+ 50. Qd5 Qe7+ 51. Kd4 1-0

[Event "24th Chicago Open"]
[Site "Wheeling, IL"]
[Date "2015.05.24"]
[Round "6"]
[White "Troff, Kayden"]
[Black "Jayaram, Ashwin"]
[Result "1/2-1/2"]
[WhiteElo "2556"]
[BlackElo "2466"]
[PlyCount "40"]
[EventDate "2015.05.??"]
[EventType "swiss"]
[EventRounds "9"]
[EventCountry "USA"]
[Source "MonRoi"]

1. d4 d5 2. c4 c6 3. Nf3 Nf6 4. Nc3 dxc4 5. a4 Bf5 6. e3 e6 7. Bxc4 Bb4 8. O-O
Nbd7 9. Nh4 Bg6 10. Nxg6 hxg6 11. h3 Qc7 12. Qb3 a5 13. e4 Nb6 14. e5 Nfd5 15.
Nxd5 Nxd5 16. Bxd5 cxd5 17. Be3 O-O 18. Rfc1 Qd7 19. Qd3 Rfc8 20. b3 Ra6
1/2-1/2

[Event "24th Chicago Open"]
[Site "Wheeling, IL"]
[Date "2015.05.24"]
[Round "6"]
[White "Chirila, Ioan"]
[Black "Kiewra, Keaton"]
[Result "1/2-1/2"]
[WhiteElo "2542"]
[BlackElo "2394"]
[PlyCount "73"]
[EventDate "2015.05.??"]
[EventType "swiss"]
[EventRounds "9"]
[EventCountry "USA"]
[Source "MonRoi"]

1. d4 d5 2. c4 e6 3. Nc3 Be7 4. Nf3 Nf6 5. Bf4 O-O 6. Qc2 c5 7. dxc5 Na6 8. Rd1
Nxc5 9. cxd5 exd5 10. e3 Be6 11. Be2 Rc8 12. O-O Nce4 13. Be5 Nxc3 14. bxc3 Nd7
15. Bd4 Qc7 16. Bd3 g6 17. h3 Nc5 18. Ne5 Nxd3 19. Qxd3 Bd6 20. Ng4 Bxg4 21.
hxg4 b6 22. Qe2 Bh2+ 23. Kh1 Be5 24. Qf3 Rfd8 25. g3 Qe7 26. Kg2 Bxd4 27. Rxd4
Rxc3 28. Rfd1 Rc4 29. Rxd5 Rxd5 30. Rxd5 Qe4 31. Qxe4 Rxe4 32. g5 Ra4 33. Rd2
Kg7 34. f4 h6 35. gxh6+ Kxh6 36. Kf3 Ra3 37. g4 1/2-1/2

[Event "24th Chicago Open"]
[Site "Wheeling, IL"]
[Date "2015.05.24"]
[Round "6"]
[White "Vazquez, Guillermo"]
[Black "Holt, Conrad"]
[Result "0-1"]
[WhiteElo "2438"]
[BlackElo "2533"]
[PlyCount "118"]
[EventDate "2015.05.??"]
[EventType "swiss"]
[EventRounds "9"]
[EventCountry "USA"]
[Source "MonRoi"]

1. e4 e6 2. d4 d5 3. Nd2 c5 4. Ngf3 cxd4 5. exd5 Qxd5 6. Bc4 Qd6 7. O-O Nf6 8.
Nb3 Nc6 9. Nbxd4 Nxd4 10. Qxd4 Bd7 11. Bf4 Qxd4 12. Nxd4 Rc8 13. Bb3 Bc5 14.
Rad1 O-O 15. Rfe1 Rfd8 16. c3 h6 17. Nc2 Bc6 18. Be3 Bxe3 19. Nxe3 Kf8 20. f3
Rxd1 21. Rxd1 Ke7 22. Kf2 Nd7 23. Bc2 a5 24. c4 Nc5 25. b3 b5 26. cxb5 Bxb5 27.
Rd2 f5 28. Nd1 Na6 29. Nb2 Nb4 30. Bb1 Rc1 31. Rd1 Rc3 32. Re1 Kf6 33. Re3 Rc1
34. Re1 Rc3 35. Re3 Nd5 36. Rxc3 Nxc3 37. Bd3 Bxd3 38. Nxd3 Nxa2 39. Ke3 e5 40.
Nc5 Nb4 41. Kd2 g5 42. Ke3 h5 43. h3 h4 44. Nb7 Nc6 45. Kd3 Ke6 46. Kc4 e4 47.
fxe4 fxe4 48. Kc5 e3 49. Kxc6 e2 50. Nc5+ Ke5 51. Nd3+ Kd4 52. Ne1 Ke3 53. Kd5
Kf2 54. Nd3+ Kxg2 55. Ke4 Kf1 56. Kf5 e1=Q 57. Nxe1 Kxe1 58. Kxg5 Kd2 59. Kxh4
Kc3 0-1

[Event "24th Chicago Open"]
[Site "Wheeling, IL"]
[Date "2015.05.24"]
[Round "6"]
[White "Rosen, Eric"]
[Black "Friedel, Joshua"]
[Result "1-0"]
[WhiteElo "2372"]
[BlackElo "2505"]
[PlyCount "67"]
[EventDate "2015.05.??"]
[EventType "swiss"]
[EventRounds "9"]
[EventCountry "USA"]
[Source "MonRoi"]

1. e4 c5 2. Nf3 e6 3. c4 Nc6 4. Nc3 Nge7 5. d4 cxd4 6. Nxd4 a6 7. Be3 g6 8. Be2
Bg7 9. Nxc6 Nxc6 10. O-O O-O 11. c5 Rb8 12. Qd2 f5 13. exf5 gxf5 14. f4 b5 15.
cxb6 Rxb6 16. Bxb6 Qxb6+ 17. Kh1 Nd4 18. Bf3 Kh8 19. Ne2 Nxf3 20. Rxf3 Bb7 21.
Rg3 Bc6 22. Ng1 Qxb2 23. Qxb2 Bxb2 24. Rb1 Bf6 25. Nf3 Rc8 26. Ne5 Bxe5 27.
fxe5 Be4 28. Rd1 Rc2 29. h3 Bc6 30. Rb1 h5 31. Rb8+ Kh7 32. Rbg8 Rxa2 33. R8g7+
Kh8 34. R7g5 1-0

[Event "24th Chicago Open"]
[Site "Wheeling, IL"]
[Date "2015.05.24"]
[Round "6"]
[White "Aponte, Felix"]
[Black "Azarov, Sergei"]
[Result "0-1"]
[WhiteElo "2412"]
[BlackElo "2619"]
[PlyCount "73"]
[EventDate "2015.05.??"]
[EventType "swiss"]
[EventRounds "9"]
[EventCountry "USA"]
[Source "MonRoi"]

1. c4 e6 2. Nc3 d5 3. e3 Nf6 4. Nf3 b6 5. d4 Bb7 6. cxd5 Nxd5 7. Bb5+ c6 8. Bd3
Nd7 9. O-O Nxc3 10. bxc3 Be7 11. e4 O-O 12. e5 c5 13. Ne1 Qc8 14. f4 g6 15. Be3
Rd8 16. Qg4 Ba6 17. Rd1 Bxd3 18. Nxd3 Qc6 19. Qg3 c4 20. Nc1 f5 21. h4 Qd5 22.
h5 Kf7 23. hxg6+ hxg6 24. Qf3 b5 25. Qxd5 exd5 26. g4 a5 27. gxf5 gxf5 28. Kf2
b4 29. Rg1 Rdb8 30. cxb4 axb4 31. Rg2 b3 32. axb3 cxb3 33. Ne2 b2 34. Rb1 Rb3
35. Bd2 Bh4+ 36. Kg1 Ra1 37. Nc3 0-1

[Event "24th Chicago Open"]
[Site "Wheeling, IL"]
[Date "2015.05.24"]
[Round "6"]
[White "Stukopin, Andrey"]
[Black "Shen, Arthur"]
[Result "1/2-1/2"]
[WhiteElo "2573"]
[BlackElo "2346"]
[PlyCount "102"]
[EventDate "2015.05.??"]
[EventType "swiss"]
[EventRounds "9"]
[EventCountry "USA"]
[Source "MonRoi"]

1. e4 c5 2. Nf3 d6 3. d4 cxd4 4. Nxd4 Nf6 5. Nc3 a6 6. Be2 e6 7. O-O Be7 8. f4
O-O 9. Kh1 Nc6 10. a4 Qc7 11. Be3 Re8 12. Bf3 Bf8 13. Bf2 Nxd4 14. Qxd4 e5 15.
Qd2 exf4 16. Bd4 Be7 17. Qxf4 Be6 18. Qg3 g6 19. e5 dxe5 20. Bxe5 Qc8 21. Bd4
Nd7 22. Nd5 Bd8 23. Qf4 Qxc2 24. Rae1 Qc4 25. b3 Qd3 26. Bg4 Bg5 27. Qxg5 Qxd4
28. Nc7 h6 29. Qf4 Qxf4 30. Rxf4 Bxg4 31. Nxe8 h5 32. h3 Bf5 33. Nd6 Be6 34.
Nxf7 Bxf7 35. Re7 Be8 36. a5 Rb8 37. Rd4 Nf8 38. Kh2 Bc6 39. g4 hxg4 40. Rxg4
Re8 41. Rge4 Bxe4 42. Rxe8 Bd5 43. Re7 Ne6 44. b4 Kf8 45. Rh7 Ng7 46. Rh8+ Ke7
47. Kg3 Ne6 48. h4 Nd8 49. h5 gxh5 50. Rxh5 Kd6 51. Kf2 Nc6 1/2-1/2

[Event "24th Chicago Open"]
[Site "Wheeling, IL"]
[Date "2015.05.24"]
[Round "6"]
[White "Shakil, Abu"]
[Black "Carmenate, Holden"]
[Result "0-1"]
[WhiteElo "2348"]
[BlackElo "2544"]
[PlyCount "64"]
[EventDate "2015.05.??"]
[EventType "swiss"]
[EventRounds "9"]
[EventCountry "USA"]
[Source "MonRoi"]

1. e4 c6 2. d4 d5 3. Nc3 dxe4 4. Nxe4 Bf5 5. Ng3 Bg6 6. Bc4 e6 7. N1e2 Nf6 8.
h4 h6 9. Nf4 Bh7 10. Ngh5 Nxh5 11. Nxh5 Bxc2 12. Qxc2 Qa5+ 13. Bd2 Qxh5 14. Qb3
b6 15. Qg3 Nd7 16. Qc7 Rd8 17. Qxc6 Be7 18. Be2 Qf5 19. Rc1 O-O 20. g4 Qg6 21.
h5 Qf6 22. Qe4 Rfe8 23. Rc7 Nc5 24. dxc5 Qxb2 25. O-O Qxd2 26. cxb6 axb6 27.
Rd1 Qb4 28. Rc4 Rxd1+ 29. Bxd1 Qb2 30. Bc2 Bc5 31. Ra4 Qc1+ 32. Kg2 Qd2 0-1

[Event "24th Chicago Open"]
[Site "Wheeling, IL"]
[Date "2015.05.24"]
[Round "6"]
[White "Molner, Mackenzie"]
[Black "Shetty, Atulya"]
[Result "1-0"]
[WhiteElo "2507"]
[BlackElo "2331"]
[PlyCount "123"]
[EventDate "2015.05.??"]
[EventType "swiss"]
[EventRounds "9"]
[EventCountry "USA"]
[Source "MonRoi"]

1. c4 e5 2. d3 Nc6 3. a3 g6 4. b4 a6 5. g3 Bg7 6. Nc3 Nge7 7. Bg2 O-O 8. e3 d6
9. Bb2 Be6 10. Nd5 Qd7 11. Ne2 Rab8 12. O-O b5 13. Qd2 a5 14. Bc3 axb4 15. axb4
Nc8 16. f4 Nb6 17. Nxb6 cxb6 18. cxb5 Na7 19. d4 Nxb5 20. Bb2 Bh3 21. Bxh3 Qxh3
22. f5 exd4 23. Qd3 Nc3 24. Nxd4 Bxd4 25. exd4 Nd5 26. Ra7 Rbe8 27. Bc1 Qh5 28.
Qf3 Qxf3 29. Rxf3 f6 30. Bf4 Rd8 31. Rfa3 g5 32. Rb7 Rf7 33. Rxf7 Kxf7 34. Ra7+
Ke8 35. Bd2 Rd7 36. Ra8+ Rd8 37. Ra7 Rd7 38. Ra8+ Kf7 39. Kf2 Ne7 40. g4 h5 41.
h3 hxg4 42. hxg4 Nd5 43. Kf3 Ke7 44. Ke4 Nc7 45. Rb8 Rd8 46. Rxb6 Rh8 47. b5
Rh3 48. Bb4 Re3+ 49. Kxe3 Nd5+ 50. Ke4 Nxb6 51. d5 Nd7 52. Ba3 Nb6 53. Bb2 Nd7
54. Bd4 Kd8 55. Kd3 Kc7 56. Kc4 Kb7 57. Kb4 Kc7 58. Ka5 Kb7 59. b6 Ne5 60. Bxe5
dxe5 61. d6 Kc8 62. Ka6 1-0

[Event "24th Chicago Open"]
[Site "Wheeling, IL"]
[Date "2015.05.24"]
[Round "6"]
[White "Vibbert, Sean"]
[Black "Mitkov, Nikola"]
[Result "1-0"]
[WhiteElo "2312"]
[BlackElo "2479"]
[PlyCount "85"]
[EventDate "2015.05.??"]
[EventType "swiss"]
[EventRounds "9"]
[EventCountry "USA"]
[Source "MonRoi"]

1. e4 e5 2. Nf3 Nc6 3. Bc4 Bc5 4. O-O Nf6 5. d3 O-O 6. c3 d5 7. exd5 Nxd5 8. b4
Be7 9. b5 Na5 10. Bxd5 Qxd5 11. c4 Qd8 12. Bd2 b6 13. Bxa5 bxa5 14. Nc3 Bb7 15.
Rc1 f6 16. d4 e4 17. Ne1 a6 18. a4 f5 19. c5 axb5 20. axb5 Bd5 21. Qa4 Bg5 22.
Rd1 f4 23. f3 e3 24. Nd3 Rf5 25. Ne5 Bh4 26. Qc2 g6 27. Ng4 Kg7 28. Nxd5 Qxd5
29. g3 Re8 30. Qe2 fxg3 31. Nxe3 Rg5 32. Nxd5 Rxe2 33. Nf4 Re8 34. Ng2 gxh2+
35. Kh1 Rh5 36. Nxh4 Rxh4 37. d5 Rc4 38. Rc1 Rb4 39. b6 cxb6 40. c6 Kf6 41. d6
Rd4 42. d7 Rf8 43. Rfd1 1-0